000 00715nam a2200289Ia 4500
005 20260324124621.0
008 008 260324s9999 xx 000 0 eng d
020 _a9781315432731
037 _aEBOOK
040 _aCRL
040 _beng
040 _cCRL
041 _2eng
041 _aeng
084 _qCRL
100 _aCaroline Phillips; Harry Allen
_91174848
245 0 _aBridging the Divide
245 0 _bIndigenous Communities and Archaeology into the 21st Century
260 _bTaylor and Francis
260 _c2010
365 _a
365 _b240
856 _uhttp://www.taylorfrancis.com/books/9781315432731
942 _cEBOOK
999 _c1769373
_d1769373